Ingeniería de Control / William Bolton (Registro nro. 26164)
[ vista simple ]
| 000 -LÍDER | |
|---|---|
| fixed length control field | 00425nam a2200145 4500 |
| 020 ## - NÚMERO INTERNACIONAL NORMALIZADO PARA LIBROS | |
| ISBN | 970-15-0636-7 |
| 050 ## - SIGNATURA TOPOGRAFICA DE LA BIBLIOTECA DEL CONGRESO (LC) | |
| Número de Clasificación | TJ213 B5918 2001 |
| 082 ## - NUMERO DE CLASIFICACION DECIMAL DEWEY | |
| Número de Clasificación | 629.831.2 B624i |
| 100 ## - ASIENTO PRINCIPAL--NOMBRE PERSONAL | |
| Nombre personal | Bolton, William |
| 245 ## - TÍTULO | |
| Título | Ingeniería de Control / William Bolton |
| 250 ## - MENCIÓN DE EDICIÓN | |
| Mención de edición | 2 / 9 reimp. 2011 |
| 260 ## - PUBLICACIÓN, DISTRIBUCIÓN, ETC. (PIE DE IMPRENTA) | |
| Lugar de publicación, distribución, etc. | México : Alfaomega |
| 300 ## - DESCRIPCIÓN FÍSICA | |
| Extensión | xiii, 397p. / 26 cm. |
| 650 ## - ASIENTO SECUNDARIO DE MATERIA - TERMINO TEMÁTICO | |
| Término temático o nombre geográfico como elemento de entrada | 1. CONTROL AUTOMÁTICO / 2. INGENIERÍA-APARATOS E INSTRUMENTOS |
| No. biblioteca | No. biblioteca | Número de clasificación | Código de barras/Número de adquisición | Número de copia | Tipo de material |
|---|---|---|---|---|---|
| ÁREA DE ELECTROMECÁNICA | LUIS G. INCLAN | 629.831.2 B624i | 50832 | 5 | Libros |
| ÁREA DE ELECTROMECÁNICA | LUIS G. INCLAN | 629.831.2 B624i | 52017 | 8 | Libros |
| ÁREA DE ELECTROMECÁNICA | LUIS G. INCLAN | 629.831.2 B624i | 52019 | 10 | Libros |
| ÁREA DE ELECTROMECÁNICA | LUIS G. INCLAN | 629.831.2 B624i | 52570 | 11 | Libros |
| ÁREA DE ELECTROMECÁNICA | ÁREA DE ELECTROMECÁNICA | 629.831.2 B624i | 50234 | 1 | Libros |
| ÁREA DE ELECTROMECÁNICA | ÁREA DE ELECTROMECÁNICA | 629.831.2 B624i | 50565 | 2 | Libros |
| ÁREA DE ELECTROMECÁNICA | ÁREA DE ELECTROMECÁNICA | 629.831.2 B624i | 50566 | 3 | Libros |
| ÁREA DE ELECTROMECÁNICA | ÁREA DE ELECTROMECÁNICA | 629.831.2 B624i | 50567 | 4 | Libros |
| ÁREA DE ELECTROMECÁNICA | ÁREA DE ELECTROMECÁNICA | 629.831.2 B624i | 52015 | 6 | Libros |
| ÁREA DE ELECTROMECÁNICA | ÁREA DE ELECTROMECÁNICA | 629.831.2 B624i | 52016 | 7 | Libros |
| ÁREA DE ELECTROMECÁNICA | ÁREA DE ELECTROMECÁNICA | 629.831.2 B624i | 52018 | 9 | Libros |
